00733nam a2200181 a 450000100100000000500170001000800410002704000250006808200150009310000310010824501040013926000390024330000270028250001020030904900090041195201140042099900170053400003176020200930063147.0110701s1955 ve a 000 0 spa d aDO-SdBNPbspacBNPHU axxxbB792m1 aBoyrie Moya, Emilio95799510aMuestras arqueológicas de Juan Dolio, República Dominicana /cEmilio Boyre Moya, J. M. Cruxent. aCaracas :bEditorial Ragon,c1955. a33 p. :bil. ;c24 cm. aSeparata del Boletín del Museo de Ciencias Naturales tomo I, no. 2- Caracas, abril- junio, 1955 aBNPD 0010507-18MOaPDbPDcOId2011-07-01iLF1l0oxxx B792mp31760-10r2020-06-25w2020-06-25y1ZNo se presta c31252d31252